01058nam a22002775a 450000500170000000800410001702000180005804000400007608200300011610000230014624500770016925000120024626000420025830000350030049000250033550000240036050400410038459000410042565000390046665000500050565100100055565300380056594200080060399900170061195201520062820201128023941.0161027t2015 njua frb 001 0 eng d a9781118943977 aEG-ScBUE bengcEG-ScBUE dEG-ScBUE04222a332.632220151922bJAV1 aJavaheri, Alireza.10aInside volatility filtering : bthe secrets of skew /cAlireza Javaheri. a2nd ed. aHoboken :bJohn Wily & Sons,cc.2015. axxiv, 294 p. :bill. ;c24 cm.0 aWiley Finance Series aIndex : p. 279-294. aIncludes bibliographical references. aSuzan Ashmawy revised by Rahma Essa. 72BUEshaStochastic processes.92923 72BUEshaStocks.xPrices.xMathematical models. 2BUEsh bBUSECOcOctober2016cNovember2016 2ddc c22872d22844 00102ddc40708AcademicaMAINbMAINc1STd2016-10-27ePurchaseg772.00h9154l0o332.632220151922 JAVp000045138r2025-07-15 00:00:00v965.00yBB